000
00428nam a2200145Ia 4500
008
151213s9999 xx 000 0 und d
100
_a
আবুল আজাদ।
245
_a
কবিত্রয়।
_c
আবুল আজাদ।
260
_a
ঢাকা
_b
প্রজ্ঞা
_c
1988
300
_a
8772 p.
650
_a
Bangla
650
_a
কবিতা
700
_a
আবুল আজাদ।
999
_c
4557
_d
4557